<?xml version="1.0" encoding="UTF-8"?>
<record
    xmlns:xsi="http://www.w3.org/2001/XMLSchema-instance"
    xsi:schemaLocation="http://www.loc.gov/MARC21/slim http://www.loc.gov/standards/marcxml/schema/MARC21slim.xsd"
    xmlns="http://www.loc.gov/MARC21/slim">

  <leader>00589nam a2200229Ia 4500</leader>
  <controlfield tag="005">20230202110545.0</controlfield>
  <controlfield tag="008">230125s9999    xx            000 0 und d</controlfield>
  <datafield tag="020" ind1=" " ind2=" ">
    <subfield code="a">9788121921619</subfield>
  </datafield>
  <datafield tag="041" ind1=" " ind2=" ">
    <subfield code="a">eng</subfield>
  </datafield>
  <datafield tag="082" ind1=" " ind2=" ">
    <subfield code="a">658.8</subfield>
    <subfield code="b">BAL</subfield>
  </datafield>
  <datafield tag="100" ind1=" " ind2=" ">
    <subfield code="a">Balaji B</subfield>
    <subfield code="9">116896</subfield>
  </datafield>
  <datafield tag="245" ind1=" " ind2=" ">
    <subfield code="a">Services Marketing and Management</subfield>
  </datafield>
  <datafield tag="250" ind1=" " ind2=" ">
    <subfield code="a">Ed.2nd</subfield>
  </datafield>
  <datafield tag="260" ind1=" " ind2=" ">
    <subfield code="c">2014</subfield>
    <subfield code="b">S. Chand &amp; Company Ltd.</subfield>
    <subfield code="a">New Delhi</subfield>
  </datafield>
  <datafield tag="300" ind1=" " ind2=" ">
    <subfield code="a">436p</subfield>
  </datafield>
  <datafield tag="500" ind1=" " ind2=" ">
    <subfield code="a">Services marketing</subfield>
  </datafield>
  <datafield tag="650" ind1=" " ind2=" ">
    <subfield code="a">Services marketing</subfield>
    <subfield code="9">119127</subfield>
  </datafield>
  <datafield tag="700" ind1=" " ind2=" ">
    <subfield code="a">Balaji B</subfield>
    <subfield code="9">116896</subfield>
  </datafield>
  <datafield tag="906" ind1=" " ind2=" ">
    <subfield code="b">108.5</subfield>
  </datafield>
  <datafield tag="942" ind1=" " ind2=" ">
    <subfield code="c">BK</subfield>
  </datafield>
  <datafield tag="999" ind1=" " ind2=" ">
    <subfield code="c">94623</subfield>
    <subfield code="d">94623</subfield>
  </datafield>
  <datafield tag="952" ind1=" " ind2=" ">
    <subfield code="0">0</subfield>
    <subfield code="1">0</subfield>
    <subfield code="4">0</subfield>
    <subfield code="7">0</subfield>
    <subfield code="a">HIMR</subfield>
    <subfield code="b">HIMR</subfield>
    <subfield code="d">2017-02-24</subfield>
    <subfield code="e">Suyog Enterprises</subfield>
    <subfield code="g">350.00</subfield>
    <subfield code="i">SE/SI/3790</subfield>
    <subfield code="l">0</subfield>
    <subfield code="o">658.8 BAL B15318</subfield>
    <subfield code="p">HIMR-BK-15318</subfield>
    <subfield code="r">2023-01-25 00:00:00</subfield>
    <subfield code="v">241.50</subfield>
    <subfield code="w">2017-02-22</subfield>
    <subfield code="y">BK</subfield>
    <subfield code="z">B15318</subfield>
  </datafield>
  <datafield tag="952" ind1=" " ind2=" ">
    <subfield code="0">0</subfield>
    <subfield code="1">0</subfield>
    <subfield code="4">0</subfield>
    <subfield code="7">0</subfield>
    <subfield code="a">HIMR</subfield>
    <subfield code="b">HIMR</subfield>
    <subfield code="d">2017-02-24</subfield>
    <subfield code="e">Suyog Enterprises</subfield>
    <subfield code="g">350.00</subfield>
    <subfield code="i">SE/SI/3790</subfield>
    <subfield code="l">0</subfield>
    <subfield code="o">658.8 BAL B15319</subfield>
    <subfield code="p">HIMR-BK-15319</subfield>
    <subfield code="r">2023-01-25 00:00:00</subfield>
    <subfield code="v">241.50</subfield>
    <subfield code="w">2017-02-22</subfield>
    <subfield code="y">BK</subfield>
    <subfield code="z">B15319</subfield>
  </datafield>
  <datafield tag="952" ind1=" " ind2=" ">
    <subfield code="0">0</subfield>
    <subfield code="1">0</subfield>
    <subfield code="4">0</subfield>
    <subfield code="7">0</subfield>
    <subfield code="a">HIMR</subfield>
    <subfield code="b">HIMR</subfield>
    <subfield code="d">2017-02-24</subfield>
    <subfield code="e">Suyog Enterprises</subfield>
    <subfield code="g">350.00</subfield>
    <subfield code="i">SE/SI/3790</subfield>
    <subfield code="l">1</subfield>
    <subfield code="m">2</subfield>
    <subfield code="o">658.8 BAL B15320</subfield>
    <subfield code="p">HIMR-BK-15320</subfield>
    <subfield code="q">2026-01-06</subfield>
    <subfield code="r">2025-10-28 12:16:33</subfield>
    <subfield code="s">2025-10-28</subfield>
    <subfield code="v">241.50</subfield>
    <subfield code="w">2017-02-22</subfield>
    <subfield code="y">BK</subfield>
    <subfield code="z">B15320</subfield>
  </datafield>
</record>
